000
00227 a2200109 4500
020
_a
9788499070049
041
_a
spa
100
_a
Abece Visual
245
_a
Los inviernos Que Cambiaron el mundo 1
942
_c
BK
952
_7
1
999
_c
23156
_d
23156